Investment analysis & portfolio management

保存先:
書誌詳細
第一著者: Reilly, Frank K
フォーマット: Sách
言語:Undetermined
出版事項: Cengage 2019
主題:
タグ: タグ追加
タグなし, このレコードへの初めてのタグを付けませんか!
Thư viện lưu trữ: Trung tâm Thư viện - Trường Đại học Công nghiệp TP. Hồ Chí Minh
LEADER 00487nam a2200157Ia 4500
001 UIH_00097
008 230809s9999 xx 000 0 und d
082 |a 332.60973 
100 |a Reilly, Frank K 
245 0 |a Investment analysis & portfolio management 
245 0 |c Reilly, Frank K 
260 |b Cengage 
260 |c 2019 
650 |a Portfolio management;Investment analysis; 
927 |a Sách 
980 |a Trung tâm Thư viện - Trường Đại học Công nghiệp TP. Hồ Chí Minh